000 00621nam a2200217 i 4500
001 C2-0106363
003 PPAK
005 20180727101929.0
008 970615s xx |||| ||||| | eng d
040 _aPPAK
_beng
_cPPAK
_erda
082 0 4 _a959.5112
_223
090 0 0 _a959.5112
_bKED
_dKK
245 0 0 _aKedah
264 1 _a[place of publication not identified] :
_b[publisher not identified] ,
_c[date of publication not identified]
300 _a[3 pages] ;
_c30 cm
336 _2rdacontent
_atext
337 _2rdamedia
_aunmediated
338 _2rdacarrier
_avolume
650 1 0 _aKedah - History.
942 _ddc
_cB
999 _c25993
_d25993